Vista normal
Vista MARC
Entrada Topical Term
Número de registros utilizados en: 1
001 - CONTROL NUMBER
- control field: 15749
003 - CONTROL NUMBER IDENTIFIER
- control field: OSt
005 - DATE AND TIME OF LATEST TRANSACTION
- control field: 20230915230318.0
008 - FIXED-LENGTH DATA ELEMENTS
- fixed length control field: 230915|| aca||aabn | a|a d
040 ## - CATALOGING SOURCE
- Original cataloging agency: OSt
- Transcribing agency: OSt
150 ## - HEADING--TOPICAL TERM
- Topical term or geographic name entry element: CUENTOS HISPANOAméricaNOS - COLECCIONES SIGLO XX
670 ## - SOURCE DATA FOUND
- Source citation: Work cat.: (OSt)22491: Oviedo, jose miguel 15747, Antologia critica del cuento hispanoAméricano del siglo xx, fundadores e innovadores, alianza editorial